Evolution of monetary policy instruments in Russia

Salvato in:
Dettagli Bibliografici
Autore principale: Balino, Tomás J.
Altri autori: Hoelscher, David S., Horder, Jakob
Natura: Libro
Lingua:inglese
Pubblicazione: Washington International Monetary Fund 1997
Serie:IMF working paper WP/97/180
Soggetti:
Tags: Aggiungi Tag
Nessun Tag, puoi essere il primo ad aggiungerne!!

MARC

LEADER 00000nam a2200000 4500
001 c100751
005 20221124074612.2
041 0 |a eng 
044 |a US 
245 1 0 |a Evolution of monetary policy instruments in Russia  |c Prepared by Tomás J. Balino, David S. Hoelscher, and Jakob Horder 
264 1 |a Washington  |b International Monetary Fund  |c 1997 
300 |a 39 s. 
490 1 |a IMF working paper  |v WP/97/180 
830 0 |a IMF working paper  |v WP/97/180 
610 2 0 |a peniaze 
610 2 0 |a politika peňažná 
610 2 0 |a nástroje finančné 
610 2 0 |a obdobie prechodné 
610 2 0 |a transformácia 
610 2 0 |a SVE 
610 2 0 |a financie 
610 2 0 |a liberalizácia 
610 2 0 |a ZSSR 
610 2 0 |a Rusko 
610 2 0 |a politika finančná 
610 2 0 |a kurz devízový 
610 2 0 |a rubeľ 
610 2 0 |a reformy 
610 2 0 |a úver 
610 2 0 |a inflácia 
100 1 |a Balino, Tomás J. 
700 1 |a Hoelscher, David S. 
700 1 |a Horder, Jakob